Fundamentals of telephony / (Record no. 183681)

000 -LEADER
fixed length control field 00958 a2200193 4500
003 - CONTROL NUMBER IDENTIFIER
control field Nust
005 - DATE AND TIME OF LATEST TRANSACTION
control field 20221223095654.0
010 ## - LIBRARY OF CONGRESS CONTROL NUMBER
LC control number 44000912
040 ## - CATALOGING SOURCE
Transcribing agency Nust
082 ## - DEWEY DECIMAL CLASSIFICATION NUMBER
Classification number 621.385,ALB
100 ## - MAIN ENTRY--PERSONAL NAME
Personal name Albert, Arthur Lemuel,
9 (RLIN) 41655
245 ## - TITLE STATEMENT
Title Fundamentals of telephony /
Statement of responsibility, etc. Arthur Lemuel Albert,
260 ## - PUBLICATION, DISTRIBUTION, ETC.
Place of publication, distribution, etc. McGraw-Hill,
Name of publisher, distributor, etc. New York
Date of publication, distribution, etc. 1943
300 ## - PHYSICAL DESCRIPTION
Extent 374 p
Dimensions illus
-- 24 cm
505 ## - FORMATTED CONTENTS NOTE
Formatted contents note Direct Current Theory (Page-1), Alternating Current Theory (Page-30), Electric Networks (Page-57), Sound, Speech and Hearing (Page-93), Telephone Transmitters (Page-111), Telephone Receivers (Page-127), Telephone Sets (Page-139),Manual Telephone Systems (Page-193), Transmission over Circuits with Lumped Constants (Page-262), Measurements in Telephony (Page-286), Inductive Interference (Page-314), Telephone Repeaters and Carrier Systems (Page-332).
600 ## - SUBJECT ADDED ENTRY--PERSONAL NAME
Personal name Albert, Arthur Lemuel
9 (RLIN) 41655
650 ## - SUBJECT ADDED ENTRY--TOPICAL TERM
Topical term or geographic name entry element Fundamentals of telephony
9 (RLIN) 105732
942 ## - ADDED ENTRY ELEMENTS (KOHA)
Source of classification or shelving scheme
Koha item type Book
Holdings
Withdrawn status Lost status Source of classification or shelving scheme Damaged status Not for loan Permanent Location Current Location Shelving location Date acquired Full call number Barcode Date last seen Price effective from Koha item type Public note
          Military College of Signals (MCS) Military College of Signals (MCS) General Stacks 12/12/2016 621.385,ALB MCS6852 12/08/2016 12/12/2016 Book Almirah No.39, Shelf No.3
© 2023 Central Library, National University of Sciences and Technology. All Rights Reserved.